| 000 | 00750nam a22002177a 4500 | ||
|---|---|---|---|
| 003 | OSt | ||
| 005 | 20230125134941.0 | ||
| 008 | 220916b |||||||| |||| 00| 0 eng d | ||
| 020 | _a0 939982 08 0 | ||
| 040 | _cBiblioteca Lado V | ||
| 082 |
_a779 _bU58d |
||
| 110 |
_9615 _aUniversity of California _eautor |
||
| 245 |
_aDavid Ireland/ _bA Decade Documented 1978-1988/ |
||
| 260 |
_aCalifornia _bUniversity Art Museum _c1988 |
||
| 300 |
_a70p. _c21x28cm |
||
| 650 |
_2Tesauro de Arte & Arquitectura _aDOCUMENTACION |
||
| 650 |
_2Tesauro de Arte & Arquitectura _aFOTOGRAFIA |
||
| 650 |
_2Tesauro de Arte & Arquitectura _aINVESTIGACION |
||
| 650 |
_2Tesauro de Arte & Arquitectura _aAPRECIACION |
||
| 942 |
_2ddc _c1 _h779 _iU58d _n0 |
||
| 999 |
_c2882 _d2882 |
||